000 01034nam a22002657a 4500
005 20130402130921.0
008 130402b xxu||||| |||| 00| 0 eng d
010 _aENG-106770
020 _a9781259064579
_c295.00
020 _a1259064573
_c295.00
035 _aEN-90303
037 _bDBAD/PUB
040 _aDPL
_bEng
082 0 0 _a658.401
_223
100 1 _aMaurer, Robert
245 1 4 _aThe spirit of kaizen :
_bcreating lasting excellence one small step at a time /
_cby Robert Maurer
260 _aNew Delhi
_bTata McGraw-Hill
_cc2013.
270 _a7, West Patel Nagar
_bNew Delhi
_e110008
300 _aix, 181p.
_c19cm(pbk)
505 0 _aA swift introduction to kaizen -- Boost morale -- Contain costs -- Improve quality -- Develop new products and services -- Increase sales -- Reduce health-care expenses -- When small steps are too hard : what to do.
650 0 _aOrganizational effectiveness.
650 0 _aOrganizational change.
650 0 _aManagement.
942 _2ddc
_cEN
_h658.401
_mMAU
999 _c74076
_d74076